| 000 | 00600nam a22001817a 4500 | ||
|---|---|---|---|
| 005 | 20251108164328.0 | ||
| 008 | 250721s1984 xx 000 0 ara d | ||
| 082 | 1 | 4 | _a489.35/إبر |
| 100 | 1 | _aالسايح، إبراهيم محمد إبراهيم | |
| 245 | 1 | 0 |
_aقواعد و تطبيقات : _bدراسة مبسطة لقواعد اللغة اليونانية / |
| 250 | _aط4 | ||
| 264 | 1 |
_aالقاهرة : _bدار الفكر الجامعي، _c1984. |
|
| 300 | _a169ص | ||
| 650 | 1 | 7 | _aاللغة اليونانية |
| 650 | 1 | 7 | _aقواعد اللغة |
| 942 |
_2ddc _cBK |
||
| 999 |
_c9460 _d9460 |
||